|
|
|
|
| LEADER |
00000nkm a2200000 a 4500 |
| 001 |
vtls011625131 |
| 003 |
SK-MaSNL |
| 005 |
20260426000314.0 |
| 007 |
kf bo |
| 008 |
240409s1997 xo g kuslo |
| 035 |
|
|
|a urn:nbn:sk:snk-km00cqku
|
| 035 |
|
|
|a urn:nbn:sk:snk-km3lroj
|
| 035 |
|
|
|a E3BE9151-DD67-4D51-AF73-1D2BF5B0E9B3
|
| 040 |
|
|
|a SNK
|b slo
|c SNK
|e AACR2
|
| 041 |
0 |
|
|a slo
|
| 043 |
|
|
|a e-xo---
|
| 044 |
|
|
|a xo
|c SK
|
| 072 |
|
7 |
|a 394
|x Verejný a spoločenský život. Každodenný život
|2 konspekt
|
| 072 |
|
7 |
|a 929
|x Biografie
|2 konspekt
|
| 080 |
|
|
|a 394.46
|2 2011
|
| 080 |
|
|
|a (084.5)
|2 2011
|
| 080 |
|
|
|a 929
|2 2011
|
| 245 |
0 |
0 |
|a Paláriková Raková - XIX. ročník celoslovenskej súťažnej prehliadky ochotníckych divadelných sôúborov
|
| 246 |
3 |
|
|a Paláriková Raková - deväťtnásty ročník celoslovenskej súťažnej prehliadky ochotníckych divadelných sôúborov
|
| 260 |
|
|
|a Raková
|b Kultúrny dom Jána Palárika
|c 1986 september
|
| 300 |
|
|
|a 1 plagát
|b farebný, textové informácie
|c 86 x 62 cm
|
| 648 |
|
7 |
|a 1896-1996
|2 SNKPH
|9 286313
|
| 650 |
0 |
7 |
|a spoločenské podujatie
|2 SNKPH
|9 347181
|
| 651 |
|
7 |
|a Slovensko
|2 SNKPH
|9 14231
|
| 655 |
|
7 |
|a plagáty
|2 SNKPH
|9 70571
|
| 852 |
|
|
|a Slovenská národná knižnica v Martine
|
| 958 |
|
|
|a CP
|
| 999 |
|
|
|c 851985
|d 853915
|
| 952 |
|
|
|a SNKLM
|b SNKLM
|c SNKLM_ST
|y NEVYP
|7 1
|p 17A1201944
|o snklm L 1282
|i 155/86
|8 7
|0 0
|1 0
|4 0
|d 2017-04-24
|f 1
|l 0
|r 2026-02-24 04:44:59
|w 2026-02-24
|